Cargando...
Outlines of zoology
| Autor Principal: | |
|---|---|
| Formato: | Printed Book |
| Idioma: | Undetermined English |
| Publicado: |
Madras
S Viswanathan
1972
|
| Subjects: |
| LEADER | 00514nam a2200169Ia 4500 | ||
|---|---|---|---|
| 008 | 140306s9999 xx 000 0 und d | ||
| 041 | |a eng | ||
| 082 | |a 590 |b EKA/OU | ||
| 100 | |a Ekambaranatha Ayyar, M | ||
| 245 | |a Outlines of zoology | ||
| 260 | |a Madras |b S Viswanathan |c 1972 | ||
| 300 | |a 601 | ||
| 365 | |b Rs .18 .00 | ||
| 650 | |a Zoology | ||
| 942 | |2 ddc |c BK | ||
| 999 | |c 119324 |d 119324 | ||
| 952 | |0 0 |1 0 |2 ddc |4 0 |6 590_000000000000000_EKAOU |7 0 |9 118437 |a KAUHCV |b KAUHCV |d 2002-05-05 |g 18.00 |o 590 EKA/OU |r 2014-03-22 |w 2014-03-22 |y BK | ||